000 04755nam a22003977a 4500
005 20120613171244.0
010 _aB-484252-267
020 _a9788170565352
_c600.00
035 _aB-484252-267
037 _bएलाइड पब्लिर्शस
082 _a301
100 _aशर्मा, वीरेन्द्र प्रकाश
_953181
245 _aसामाजिक विचारक/
_c वीरेन्द्र प्रकाश शर्मा,
260 _aजयपुर
_bपंचशील प्रकाशन
_c2011
270 _aफिल्म कालोनी, चौड़ा रास्ता
_e302003
_k01412315072
300 _a400 पृ.
_c22 सें.मी.(सजिल्द)
942 _2ddc
_cHN
_mशर्मावी
_h301
999 _c67884
_d67884